| 000 | 01043nam a22002417a 4500 | ||
|---|---|---|---|
| 999 |
_c64257 _d64257 |
||
| 005 | 20240530110722.0 | ||
| 008 | 180331s2016 ua a g b 000 0 ara d | ||
| 017 |
_a2015/23413 _bمصر. دار الكتب |
||
| 020 | _a9789776459076 | ||
| 040 |
_aEG-CaGPL _cEG-CaGPL |
||
| 082 | 0 | 4 |
_221 _a962.0352 _bق/ك ك |
| 100 | 1 | _aكول ، جوان | |
| 245 | 1 | 2 |
_aالكولونيالية والثورة : _bالاصول الاجتماعية والثقافية لحركة عرابى فى مصر / _cجوان كول ؛ نقله الى العربية عنان على الشهاوى . |
| 250 | _aط.1 | ||
| 260 |
_aالقاهرة : _bمدارات للأبحاث والنشر، _c2016 . |
||
| 300 |
_a735 ص. ؛ _c24 سم. |
||
| 504 | _aيشتمل على ارجاعات ببليوجرافية | ||
| 650 | 0 | 7 | _2qrmak |
| 651 | 0 | 7 |
_2qrmak _aمصر _xتاريخ _yالعصر الحديث _xالثورة العرابية |
| 700 | 0 |
_aعنان على الشهاوى _eمترجم |
|
| 942 |
_2ddc _cBK |
||